[Event "DVM U14 2016"]
[Site "Düsseldorf GER"]
[Date "2016.12.30"]
[Round "7"]
[White "Krömer, Alexander"]
[Black "Melzig, Antonio"]
[Result "1/2-1/2"]
[Termination "normal"]
[Board "7.4"]
[WhiteElo "1564"]
[BlackElo "1256"]
[WhiteTeam "SVG CAISSA Kassel"]
[BlackTeam "SF HN-Biberach"]
[PlyCount "47"]
[WhiteFideId "12974676"]
[BlackFideId "16235193"]
[EventCountry "GER"]
[EventRounds "7"]
[EventType "team-swiss"]
[EventDate "2016.12.26"]

1. e4 e5 2. Nf3 Nc6 3. Bc4 Nf6 4. d3 Bc5 5. Be3 Bb6 6. Nc3 d6 7. h3 h6 8. O-O
O-O 9. Bxb6 axb6 10. a3 Na5 11. Ba2 Be6 12. d4 Bxa2 13. Rxa2 exd4 14. Nxd4 Re8
15. Re1 Nc6 16. Re3 d5 17. exd5 Rxe3 18. fxe3 Nxd5 19. Nxd5 Qxd5 20. Ra1 Nxd4
21. Qxd4 Qc6 22. c3 b5 23. Rd1 Re8 24. Qf4 1/2-1/2

[Event "DVM U14 2016"]
[Site "Düsseldorf GER"]
[Date "2016.12.30"]
[Round "7"]
[White "Kanzow, Alexander"]
[Black "Wolf, Philipp"]
[Result "1/2-1/2"]
[Termination "normal"]
[Board "8.1"]
[WhiteElo "1556"]
[BlackElo "1713"]
[WhiteTeam "KSV Rochade Göttingen"]
[BlackTeam "SG Blau-Weiß Stadtilm"]
[PlyCount "65"]
[WhiteFideId "16225414"]
[BlackFideId "12958948"]
[EventCountry "GER"]
[EventRounds "7"]
[EventType "team-swiss"]
[EventDate "2016.12.26"]

1. e4 c5 2. Nf3 e6 3. d4 cxd4 4. Nxd4 Nc6 5. Nc3 Qc7 6. Be3 a6 7. Bd3 Nf6 8. f3
Be7 9. Qd2 b5 10. O-O Bb7 11. Rad1 O-O 12. Rfe1 Nxd4 13. Bxd4 e5 14. Bf2 d5 15.
exd5 b4 16. Na4 Nxd5 17. Be4 Rfd8 18. Bxd5 Rxd5 19. Qc1 Rxd1 20. Rxd1 Bc6 21.
Nc5 Bxc5 22. Bxc5 Bxf3 23. gxf3 Qxc5+ 24. Kg2 f6 25. Rd3 Rc8 26. c3 Qc4 27. Qd2
a5 28. Rd8+ Rxd8 29. Qxd8+ Kf7 30. Qxa5 Qe2+ 31. Kg3 Qe1+ 32. Kg2 Qe2+ 33. Kg3
1/2-1/2

[Event "DVM U14 2016"]
[Site "Düsseldorf GER"]
[Date "2016.12.30"]
[Round "7"]
[White "Creß, Bastian"]
[Black "Uhlendorff, Luca"]
[Result "0-1"]
[Termination "normal"]
[Board "8.2"]
[WhiteElo "1608"]
[BlackElo "1587"]
[WhiteTeam "SG Blau-Weiß Stadtilm"]
[BlackTeam "KSV Rochade Göttingen"]
[PlyCount "130"]
[WhiteFideId "16208846"]
[BlackFideId "16221923"]
[EventCountry "GER"]
[EventRounds "7"]
[EventType "team-swiss"]
[EventDate "2016.12.26"]

1. e4 e5 2. Nf3 Nc6 3. d4 exd4 4. Bc4 Nf6 5. O-O Nxe4 6. Re1 d5 7. Bxd5 Qxd5 8.
Nc3 Qd8 9. Nxe4 Be7 10. h3 O-O 11. Bf4 Bf5 12. a3 Re8 13. Ng3 Bg6 14. Qd2 Qd7
15. Red1 Rad8 16. Ne1 Bf6 17. Nd3 b6 18. Rac1 Ne5 19. Bxe5 Bxe5 20. Ne2 c5 21.
b3 Bc7 22. Rf1 Qd6 23. Ng3 Be4 24. f4 Bb7 25. Qd1 Qg6 26. Kh2 Re3 27. Qg4 Qxg4
28. hxg4 g6 29. Rf2 Rde8 30. Rd1 Ba6 31. Nb2 Re1 32. Rdd2 Rb1 33. Nd3 Bxd3 34.
Rxd3 Rbe1 35. Rdd2 R8e3 36. Nf1 Re4 37. g3 b5 38. Kg2 Ba5 39. Rd3 R1e2 40. Kf3
Rxf2+ 41. Kxf2 c4 42. Rd1 Bb6 43. Kf3 Re7 44. f5 g5 45. Rc1 f6 46. Rd1 Kf7 47.
Rc1 Ke8 48. Rd1 Kd7 49. Rc1 Kd6 50. Rd1 Kd5 51. Rc1 Ba5 52. b4 Bb6 53. Rd1 a5
54. Ra1 c3 55. Rb1 axb4 56. Rxb4 Kc5 57. Rb1 Ba5 58. Ra1 Kc4 59. Rd1 Bb6 60.
Rb1 Bc5 61. Ra1 d3 62. cxd3+ Kxd3 63. a4 bxa4 64. Rxa4 c2 65. Ra1 Rb7 0-1

[Event "DVM U14 2016"]
[Site "Düsseldorf GER"]
[Date "2016.12.30"]
[Round "7"]
[White "Mimkes, Pavel"]
[Black "Rapp, Lukas"]
[Result "0-1"]
[Termination "normal"]
[Board "8.3"]
[WhiteElo "1418"]
[BlackElo "1630"]
[WhiteTeam "KSV Rochade Göttingen"]
[BlackTeam "SG Blau-Weiß Stadtilm"]
[PlyCount "52"]
[WhiteFideId "12990833"]
[BlackFideId "12989320"]
[EventCountry "GER"]
[EventRounds "7"]
[EventType "team-swiss"]
[EventDate "2016.12.26"]

1. e4 c5 2. Bc4 e6 3. Nc3 a6 4. a4 Nf6 5. Nf3 Qc7 6. Bb3 Nc6 7. d4 cxd4 8. Nxd4
Nxd4 9. Qxd4 b6 10. f3 Bc5 11. Qd3 Bb7 12. Be3 Rd8 13. O-O-O O-O 14. g4 d5 15.
Bxc5 bxc5 16. exd5 exd5 17. Qf5 c4 18. Ba2 d4 19. Ne2 d3 20. Ng3 Rd5 21. Rdf1
Rxf5 22. Nxf5 Qf4+ 23. Kb1 d2 24. h4 Bxf3 25. Ne3 Qxe3 26. Rh3 Qe1+ 0-1

[Event "DVM U14 2016"]
[Site "Düsseldorf GER"]
[Date "2016.12.30"]
[Round "7"]
[White "Pflugradt, Natalie"]
[Black "Nizamova, Rita"]
[Result "1-0"]
[Termination "normal"]
[Board "8.4"]
[WhiteElo "1445"]
[BlackElo "1310"]
[WhiteTeam "SG Blau-Weiß Stadtilm"]
[BlackTeam "KSV Rochade Göttingen"]
[PlyCount "67"]
[WhiteFideId "16212444"]
[BlackFideId "16221940"]
[EventCountry "GER"]
[EventRounds "7"]
[EventType "team-swiss"]
[EventDate "2016.12.26"]

1. Nc3 Nf6 2. e4 e5 3. Nf3 Nc6 4. d4 exd4 5. Nxd4 Bc5 6. Be3 Bb6 7. Nxc6 bxc6
8. Bxb6 cxb6 9. Bc4 O-O 10. e5 Ne8 11. O-O Bb7 12. f4 Kh8 13. f5 f6 14. e6 Qe7
15. Kh1 dxe6 16. fxe6 Rd8 17. Qe2 Nc7 18. Rad1 Rxd1 19. Rxd1 Bc8 20. Qe4 c5 21.
Re1 Re8 22. Kg1 Bxe6 23. Nd5 Bxd5 24. Qxe7 Rxe7 25. Rxe7 Bxc4 26. Rxc7 h6 27.
Rxa7 b5 28. Ra5 Kg8 29. Kf2 Kf7 30. b3 Bd5 31. Rxb5 c4 32. b4 c3 33. a3 Kg6 34.
Rc5 1-0

[Event "DVM U14 2016"]
[Site "Düsseldorf GER"]
[Date "2016.12.30"]
[Round "7"]
[White "von Estorff, Jacob"]
[Black "Righi, Sofian"]
[Result "1-0"]
[Termination "normal"]
[Board "9.1"]
[WhiteElo "1885"]
[BlackElo "1760"]
[WhiteTeam "Post SV Uelzen"]
[BlackTeam "Düsseldorfer SK"]
[PlyCount "83"]
[WhiteFideId "12974501"]
[BlackFideId "12987581"]
[EventCountry "GER"]
[EventRounds "7"]
[EventType "team-swiss"]
[EventDate "2016.12.26"]

1. e4 c5 2. Nf3 d6 3. d4 cxd4 4. Nxd4 Nf6 5. Nc3 g6 6. Be2 Bg7 7. Be3 O-O 8.
O-O Nc6 9. h3 Bd7 10. Qd2 a6 11. f4 Nxd4 12. Bxd4 Bc6 13. Bf3 Qa5 14. Rad1 Rfd8
15. Rfe1 b5 16. Qf2 Rab8 17. e5 dxe5 18. fxe5 Nd5 19. Bxd5 Bxd5 20. Ba7 Rb7 21.
Nxd5 Rdd7 22. Bc5 e6 23. Nf6+ Bxf6 24. exf6 Qxa2 25. Rxd7 Rxd7 26. Bd4 Qd5 27.
c3 b4 28. Qf4 g5 29. Qb8+ Rd8 30. Qxb4 h6 31. Qc5 Qb3 32. Qb6 Qxb6 33. Bxb6 Rb8
34. Bd4 Rxb2 35. Ra1 Re2 36. Rxa6 Kh7 37. Ra8 e5 38. Re8 Kg6 39. Rxe5 Rc2 40.
Re8 Kf5 41. Rf8 Kg6 42. Rg8+ 1-0

[Event "DVM U14 2016"]
[Site "Düsseldorf GER"]
[Date "2016.12.30"]
[Round "7"]
[White "Kostenko, Peter Alexander"]
[Black "Askerov, Imamali"]
[Result "0-1"]
[Termination "normal"]
[Board "9.2"]
[WhiteElo "1220"]
[BlackElo "1777"]
[WhiteTeam "Düsseldorfer SK"]
[BlackTeam "Post SV Uelzen"]
[PlyCount "78"]
[WhiteFideId "16235177"]
[BlackFideId "12974498"]
[EventCountry "GER"]
[EventRounds "7"]
[EventType "team-swiss"]
[EventDate "2016.12.26"]

1. e4 c5 2. Nf3 e6 3. d4 cxd4 4. Nxd4 a6 5. Be3 Qc7 6. Nc3 Nf6 7. Be2 Bb4 8.
Qd3 d5 9. exd5 Nxd5 10. Bd2 Nxc3 11. Bxc3 Bxc3+ 12. bxc3 O-O 13. O-O e5 14. Nf3
Nc6 15. Qe4 Qe7 16. Bd3 f5 17. Bc4+ Kh8 18. Qe2 e4 19. Nd4 Ne5 20. Bb3 Bd7 21.
f4 Nc6 22. Rfe1 Rac8 23. Rad1 Nd8 24. Rd3 Ne6 25. Rh3 Nxf4 26. Qe3 Nxh3+ 27.
Qxh3 f4 28. Be6 Bxe6 29. Nxe6 Rfe8 30. Rxe4 Qd7 31. Qf5 Rf8 32. Qh5 Rf6 33. Ng5
h6 34. Rd4 Qf5 35. h4 Kg8 36. g4 Qxc2 37. Nf3 Qxc3 38. g5 Qe3+ 39. Kf1 Re6 0-1

[Event "DVM U14 2016"]
[Site "Düsseldorf GER"]
[Date "2016.12.30"]
[Round "7"]
[White "Knüdel, Torben"]
[Black "Wiedenbruch, Paul"]
[Result "1-0"]
[Termination "normal"]
[Board "9.3"]
[WhiteElo "1773"]
[BlackElo "1407"]
[WhiteTeam "Post SV Uelzen"]
[BlackTeam "Düsseldorfer SK"]
[PlyCount "131"]
[WhiteFideId "16208820"]
[BlackFideId "16207343"]
[EventCountry "GER"]
[EventRounds "7"]
[EventType "team-swiss"]
[EventDate "2016.12.26"]

1. e4 e5 2. Nf3 Nf6 3. Nc3 Bb4 4. d3 d5 5. exd5 Nxd5 6. Bd2 Bxc3 7. bxc3 O-O 8.
Be2 Nc6 9. O-O Bf5 10. Re1 Re8 11. g3 h6 12. Nh4 Bh3 13. Rb1 Nb6 14. Bg4 Bxg4
15. Qxg4 Re6 16. f4 Qe7 17. f5 Rf6 18. d4 Nc4 19. Bc1 b6 20. Rb5 Qd6 21. Qe4
exd4 22. Rd5 Qf8 23. cxd4 Nd6 24. Qg4 Nb4 25. Rde5 Nxc2 26. R1e2 Nb4 27. Ba3 a5
28. d5 b5 29. Bxb4 axb4 30. Qxb4 Ra4 31. Qb3 Qa8 32. Qc2 Rc4 33. Qd2 Qa7+ 34.
Kh1 Rd4 35. Qe3 Rd1+ 36. Kg2 Qxe3 37. R2xe3 Rd2+ 38. Kg1 Rxa2 39. Rc3 Ra7 40.
g4 g6 41. Kf1 Ra4 42. h3 h5 43. g5 Ne4 44. gxf6 Nxc3 45. Re8+ Kh7 46. fxg6+
fxg6 47. Re7+ Kh6 48. f7 Rf4+ 49. Kg2 Nxd5 50. Rd7 c6 51. Nf3 b4 52. Ne5 b3 53.
Rb7 Kg7 54. f8=Q+ Kxf8 55. Nxg6+ Kg8 56. Nxf4 Nxf4+ 57. Kh2 Nxh3 58. Kxh3 Kf8
59. Rxb3 Ke7 60. Kg2 Kd6 61. Kf2 c5 62. Ke2 Kd5 63. Kd2 Kd4 64. Rh3 c4 65. Rxh5
c3+ 66. Kc2 1-0

[Event "DVM U14 2016"]
[Site "Düsseldorf GER"]
[Date "2016.12.30"]
[Round "7"]
[White "Meier, Julian"]
[Black "Lichtmannecker, Daniel"]
[Result "0-1"]
[Termination "normal"]
[Board "10.1"]
[WhiteElo "1267"]
[BlackElo "1684"]
[WhiteTeam "Gütersloher SV"]
[BlackTeam "FC Ergolding"]
[PlyCount "62"]
[WhiteFideId "16235207"]
[BlackFideId "12979414"]
[EventCountry "GER"]
[EventRounds "7"]
[EventType "team-swiss"]
[EventDate "2016.12.26"]

1. e4 e6 2. d4 d5 3. Nd2 c5 4. c3 Nc6 5. Ngf3 Nf6 6. e5 Nd7 7. Bb5 a6 8. Bxc6
bxc6 9. O-O cxd4 10. cxd4 c5 11. Qa4 Bb7 12. Nb3 cxd4 13. Nbxd4 Rc8 14. Bf4 Bc5
15. Rac1 O-O 16. Bg5 Qe8 17. Qb3 Rc7 18. Rc3 h6 19. Bh4 g5 20. Nxg5 hxg5 21.
Bxg5 f6 22. Bh6 Rf7 23. exf6 Rxf6 24. Rg3+ Rg6 25. Qe3 e5 26. Qf3 Bxd4 27. Qf5
Rcc6 28. Qf3 Rcf6 29. Rxg6+ Qxg6 30. Qb3 Nc5 31. Qd1 Qxh6 0-1

[Event "DVM U14 2016"]
[Site "Düsseldorf GER"]
[Date "2016.12.30"]
[Round "7"]
[White "Astner, Sebastian"]
[Black "Kühn von Burgsdorff, Johannes"]
[Result "1-0"]
[Termination "normal"]
[Board "10.2"]
[WhiteElo "1804"]
[BlackElo "1211"]
[WhiteTeam "FC Ergolding"]
[BlackTeam "Gütersloher SV"]
[PlyCount "56"]
[WhiteFideId "12979422"]
[BlackFideId "16234960"]
[EventCountry "GER"]
[EventRounds "7"]
[EventType "team-swiss"]
[EventDate "2016.12.26"]

1. e4 e6 2. d4 d5 3. exd5 exd5 4. Bd3 Bd6 5. Nf3 Nf6 6. O-O O-O 7. Bg5 h6 8.
Bh4 Be6 9. Nbd2 Nbd7 10. c3 c6 11. Re1 Qc7 12. Qc2 Rac8 13. Bf5 Bxf5 14. Qxf5
Rfe8 15. h3 Rxe1+ 16. Rxe1 Qa5 17. Bxf6 Qc7 18. Be5 Re8 19. Re3 Nxe5 20. Nxe5
f6 21. Ng4 Rxe3 22. fxe3 Qa5 23. Qe6+ Kh8 24. Qxd6 Qxa2 25. Qb8+ Kh7 26. Qxb7
Qa1+ 27. Kh2 Qe1 28. Nf3 Kg8 1-0

[Event "DVM U14 2016"]
[Site "Düsseldorf GER"]
[Date "2016.12.30"]
[Round "7"]
[White "Qiu, Leo"]
[Black "Sowka, Patrick"]
[Result "0-1"]
[Termination "normal"]
[Board "10.3"]
[WhiteElo "1328"]
[BlackElo "1686"]
[WhiteTeam "Gütersloher SV"]
[BlackTeam "FC Ergolding"]
[PlyCount "80"]
[WhiteFideId "16235215"]
[BlackFideId "16234944"]
[EventCountry "GER"]
[EventRounds "7"]
[EventType "team-swiss"]
[EventDate "2016.12.26"]

1. e4 e5 2. Nf3 Nc6 3. Bc4 Bc5 4. c3 d6 5. d4 exd4 6. cxd4 Bb6 7. Ng5 Ba5+ 8.
Nc3 Nh6 9. h3 O-O 10. Be3 Bb6 11. Qd2 Bxd4 12. Nf3 Bxe3 13. Qxe3 Be6 14. Bxe6
fxe6 15. O-O-O Qf6 16. a3 Ne5 17. Nxe5 Qxe5 18. Rhf1 Nf7 19. Qd4 Qg5+ 20. Qd2
Qxg2 21. Rg1 Qxh3 22. Rh1 Qf3 23. Rdg1 Qf6 24. Qe3 h6 25. Ne2 e5 26. Rg4 Qe6
27. Rhg1 g5 28. f4 exf4 29. Nxf4 Qc4+ 30. Kb1 Ne5 31. R4g3 Kh7 32. Nh3 Rf1+ 33.
Rxf1 Qxf1+ 34. Ka2 Rf8 35. Qxa7 Qc4+ 36. Rb3 Rf3 37. Nxg5+ hxg5 38. Qxb7 Rxb3
39. Qxb3 Qxb3+ 40. Kxb3 g4 0-1

[Event "DVM U14 2016"]
[Site "Düsseldorf GER"]
[Date "2016.12.30"]
[Round "7"]
[White "Kühne, Maria"]
[Black "Jürging, Felix"]
[Result "0-1"]
[Termination "normal"]
[Board "10.4"]
[WhiteElo "1721"]
[BlackElo "1115"]
[WhiteTeam "FC Ergolding"]
[BlackTeam "Gütersloher SV"]
[PlyCount "98"]
[WhiteFideId "12997412"]
[BlackFideId "16235134"]
[EventCountry "GER"]
[EventRounds "7"]
[EventType "team-swiss"]
[EventDate "2016.12.26"]

1. e4 e5 2. Bc4 Nf6 3. d3 d5 4. exd5 Nxd5 5. Qf3 Be6 6. Nc3 Bb4 7. Bd2 c6 8.
Qg3 Qf6 9. Nf3 Nd7 10. O-O Bxc3 11. bxc3 Nf4 12. Bxe6 Ne2+ 13. Kh1 Nxg3+ 14.
fxg3 Qxe6 15. Ng5 Qg6 16. Ne4 O-O 17. c4 c5 18. Nc3 b6 19. Nd5 Qd6 20. h4 Nf6
21. Ne3 Rfe8 22. g4 e4 23. Nf5 Qe5 24. Bf4 Qe6 25. Rae1 Nxg4 26. Nd6 e3 27.
Nxe8 Rxe8 28. Rf3 e2 29. h5 h6 30. Bd2 a6 31. Rf4 b5 32. cxb5 axb5 33. Kg1 f5
34. a4 g5 35. hxg6 bxa4 36. Rxa4 Qxg6 37. Bf4 Qc6 38. Rc4 Qd5 39. Kh1 h5 40.
Kg1 h4 41. Ra4 Kg7 42. Ra7+ Kg6 43. Ra6+ Re6 44. Ra4 Kh5 45. Ra7 Qd4+ 46. Be3
Qxe3+ 47. Kh1 Nf2+ 48. Kh2 Qg3+ 49. Kg1 Nh3+ 0-1